000
00287nam a2200121Ia 4500
008
190216s9999||||xx |||||||||||||| ||und||
100
_a
Dr.Rambilas Sharma
245
0
_a
Hindi-Bharatiya Sahithtya Ke I8tihas.Ki
260
_b
Null
_c
2007
300
_a
143
650
_a
Hindi
942
_c
BK
999
_c
16432
_d
16432